000 00306nam a22001337a 4500
008 210303b ||||| |||| 00| 0 eng d
020 _a9781285428949
041 _aeng
080 _29th
_a574
100 _a9
101 _aMJE
245 _aThe Legal Environment of Business
_cCross,B.F
942 _2udc
_cBK
999 _c55642
_d55642